| 000 | 00439nam a22001577a 4500 | ||
|---|---|---|---|
| 020 | _a9780000177230 | ||
| 082 |
_aM301 _bSAR/K |
||
| 100 |
_aSaraswathy B _9155299 |
||
| 245 |
_aKarinja pookkal/ _cby Saraswathy B |
||
| 260 |
_aKottayam: _bSahitya Pravarthaka Cooperative Society, _c2011. |
||
| 300 | _a80p. | ||
| 650 |
_aStories Malayalam _9155300 |
||
| 650 |
_aLiterature Malayalam _9155301 |
||
| 650 |
_aLiterature _9155302 |
||
| 942 | _cBK | ||
| 999 |
_c141678 _d141678 |
||